Life from an RNA world : (رقم التسجيلة. 20950)

تفاصيل مارك
000 -الفاتح
حقل البيانات ثابتة الطول 02054cam a2200373 a 4500
001 - رقم الضبط
رقم الضبط 15972875
003 - محدد رقم الضبط
رقم الضبط OSt
005 - وقت وتاريخ اخر تعامل مع التسجيلة
رقم الضبط 20150408114009.0
008 - عناصر البيانات ثابتة الطول - معلومات عامة
حقل البيانات ثابتة الطول 091104s2010 maua b 001 0 eng
010 ## - رقم ضبط مكتبة الكونجرس
رقم ضبط مكتبة الكونجرس 2009044011
015 ## - رقم الببليوجرافية الوطنية
رقم الببليوجرافية الوطنية GBB011874
المصدر bnb
016 7# - رقم ضبط الوكاله الوطنية للضبط الببليوجرافي
رقم ضبط التسجيلة 015478833
المصدر Uk
020 ## - الرقم الدولى المعيارى للكتب
الرقم الدولى المعيارى للكتاب 9780674050754 (cloth : alk. paper)
020 ## - الرقم الدولى المعيارى للكتب
الرقم الدولى المعيارى للكتاب 9780674060715
020 ## - الرقم الدولى المعيارى للكتب
الرقم الدولى المعيارى للكتاب 0674050754 (cloth : alk. paper)
035 ## - رقم ضبط النظام
رقم ضبط النظام (OCoLC)ocn456170067
040 ## - مصدر الفهرسة
وكالة الفهرسة الأصلية DLC
وكالة النسخ DLC
وكالة التعديل BTCTA
-- YDXCP
-- UKM
-- C#P
-- BWX
-- CDX
-- LGG
-- GEBAY
-- DLC
050 00 - رقم طلب مكتبة الكونجرس
رقم التصنيف QP623
رقم المادة .Y367 2010
060 #4 - رقم الطلب بالمكتبة الطبية الوطنية
رقم التصنيف QU 58.7
رقم المادة Y29L 2010
082 00 - رقم تصنيف ديوى العشرى
رقم التصنيف 572.88
رقم الطبعة 22
100 1# - المدخل الرئيسى - إسم شخصى
الإسم الشخصى Yarus, Michael,
التواريخ المصاحبة للاسم 1940-
9 (RLIN) 9819
245 10 - بيان العنوان
العنوان Life from an RNA world :
بقية العنوان the ancestor within /
بيان المسئوليه,etc Michael Yarus.
260 ## - PUBLICATION, DISTRIBUTION, ETC. (IMPRINT)
مكان الناشر او الموزع Cambridge, Mass. :
اسم الناشر او الموزع Harvard University Press,
تاريخ النشر أو التوزيع 2010.
300 ## - الوصف المادى
التعداد x, 198 p. :
تفاصيل ماديه اخرى للوعاء ill. ;
أبعاد الوعاء 22 cm.
504 ## - تبصرة ببليوجرافية
تبصرة ببليوجرافية,الخ Includes bibliographical references and index.
505 0# - تبصرة محتويات-الفهرس
تبصرة المحتويات المصاغة Before we begin : a voluntary chapter -- Framing the problem : the buffalo and the bacterium -- The big tree : no jackalopes please -- A dance of atoms -- Allegro agitato : the origin of life -- The winds that blow through the starry ways -- Tornados in a junkyard -- Between genomes and creatures -- A thumbnail molecular biology -- RNA structure : a tape with a shape -- Intimations of an RNA world -- The experimentally impaired sciences -- Test tube RNA evolution : first light -- Selection amplification : interrogating RNA's possibilities -- RNA duplication : replicase activity in real RNAs -- RNA capabilities and the origins of translation -- The quest for the peptidyl transferase -- A language much older than hieroglyphics : the genetic code -- Assume a spherical cow : the ribocyte -- The future of the RNA world.
650 12 - المدخل الاضافى بالموضوع-مصطلح موضوعى
مصطلح موضوعي أو اسم جغرافي كعنصر مدخل RNA.
9 (RLIN) 9820
650 22 - المدخل الاضافى بالموضوع-مصطلح موضوعى
مصطلح موضوعي أو اسم جغرافي كعنصر مدخل Evolution, Molecular.
9 (RLIN) 9821
650 22 - المدخل الاضافى بالموضوع-مصطلح موضوعى
مصطلح موضوعي أو اسم جغرافي كعنصر مدخل Molecular Biology.
9 (RLIN) 6621
650 #0 - المدخل الاضافى بالموضوع-مصطلح موضوعى
مصطلح موضوعي أو اسم جغرافي كعنصر مدخل RNA.
9 (RLIN) 9822
650 #0 - المدخل الاضافى بالموضوع-مصطلح موضوعى
مصطلح موضوعي أو اسم جغرافي كعنصر مدخل Molecular biology.
9 (RLIN) 6621
942 ## - عناصر المدخل الإضافي( كوها)
مصدر التصنيف او مخطط الترفيف Dewey Decimal Classification
Koha [default] item type كتاب
المقتنيات
حالة الفقد نموذج السعر الفعال حالة تلف ليس للاعارة رقم الطلب تاريخ الاكتساب الموقع الحالي الباركود الفرع الرئيسي Date last seen نوع المادة فى نظام كوها مصدر التصنيف او خطة الترفيف Total Checkouts
  2013-03-10     572.88 Y M L 2012-04-10 مكتبة مجمع الطالبات بالمجمعة (EMF) 00076331 مكتبة مجمع الطالبات بالمجمعة (EMF) 2013-03-10 كتاب Dewey Decimal Classification  
  2013-03-10     572.88 Y M L 2012-04-10 مكتبة مجمع الطالبات بالمجمعة (EMF) 00076330 مكتبة مجمع الطالبات بالمجمعة (EMF) 2013-03-10 كتاب Dewey Decimal Classification  
  2013-03-10     572.88 Y M L 2012-04-10 مكتبة مجمع الطالبات بالمجمعة (EMF) 00076327 مكتبة مجمع الطالبات بالمجمعة (EMF) 2013-03-10 كتاب Dewey Decimal Classification  
  2013-03-10     572.88 Y M L 2012-04-10 مكتبة مجمع الطالبات بالمجمعة (EMF) 00076326 مكتبة مجمع الطالبات بالمجمعة (EMF) 2013-03-10 كتاب Dewey Decimal Classification